000 00670nam a2200181 a 4500
005 20140412111256.0
008 010416s19uu xx 00 eng d
020 _a0-02-043070-1
050 _aM 242.62
_bF53 1973
100 _aField, Rachel
245 _aPrayer for a child /
_cby Rachel Field; pictures by Elizabeth Orton Jones.
260 _aNew York :
_bAladdin Paperbacks,
_c1973.
300 _a1 v. (unp.) ; ill.
500 _aWinner of the Caldecott Medal
520 _aA prayer full of the intimate gentleness for familiar things, the love of friends and family, and the kindly protection of God.
650 _aPrayers-Juvenile literature
999 _c103232
_d103232